00989nam a2200277Ia 4500003000400000005001700004008004100021020001800062040001800080041000800098082002300106100002600129245006100155250001200216260004700228300003000275650003600305650002700341650003400368650002700402650003700429700002800466942003000494999001900524952016800543OSt20241111110027.0210716s2015 xx 000 0 und d a9788126587452 cAIMIT LIBRARY aeng a005.73 21stbVENR aVenkatesan, R.951812 aData structures /cBy R. Venkatesan and S. Lovelyn Rose. a2nd ed. aNew Delhi :bWiley India Pvt Ltd ,c2015 . axv, 288p. ;bPBc23.5 cm. aAdvanced data structures951813 aFile structures951814 aLinear data structure9184680 aFile structure9184681 aAdvanced data structures9184871 aRose, S Lovelyn.951815 2ddccBKe2ndk005.73 VENR c197226d197226 00102ddc40708MCAaAIMITbAIMITeKnowledge Worldg519.00iBill no:929; Bill dt:2020-03-16l0o005.73 VENRpMCA16741r2026-05-23 00:00:00v389.25w2021-07-16yBK